000
00267nam a2200109Ia 4500
008
200302s9999 xx 000 0 und d
100
_a
Udo Kultermann
245
_a
New Architecture in the World
260
_b
Barrie & Jenkins Published
260
_c
1976
300
_a
144 P.,
999
_c
29
_d
29